Statistics for Държави без излаз на море или океан

Click here to take the quiz!

General Stats

  • This quiz has been taken 201 times
  • The average score is 26 of 45

Answer Stats

Country% Correct
Сърбия
80%
Австрия
79%
Унгария
79%
Чехия
78%
Монголия
77%
Северна Македония
77%
Казахстан
74%
Лихтенщайн
74%
Андора
74%
Швейцария
74%
Словакия
74%
Чад
70%
Косово
70%
Люксембург
69%
Таджикистан
69%
Боливия
69%
Узбекистан
69%
Ватикана
66%
Парагвай
66%
Нигер
64%
Туркменистан
63%
Афганистан
62%
Беларус
62%
Непал
60%
Сан Марино
60%
Армения
60%
Киргизстан
56%
Молдова
55%
Мали
55%
Лесото
54%
Бутан
51%
Азербайджан
47%
Южен Судан
46%
Етиопия
45%
Уганда
41%
ЦАР
40%
Замбия
40%
Лаос
40%
Ботсвана
38%
Малави
36%
Зимбабве
36%
Буркина Фасо
35%
Руанда
35%
Есватини
33%
Бурунди
31%

Score Distribution

Percentile by Number Answered

Percent of People with Each Score

Your Score History

You have not taken this quiz